| 000 | 00863nam a2200241 a 4500 | ||
|---|---|---|---|
| 001 | 80558 | ||
| 003 | BD-RjUL | ||
| 005 | 20221018125625.0 | ||
| 008 | 221018r19521949nyubc b 000 0 eng d | ||
| 035 | _a(BD-RjUL)80558 | ||
| 040 |
_aDLC _cWSU _dOCL _dBD-RjUL _beng |
||
| 041 | 1 |
_aeng _hspa |
|
| 082 |
_223 _a946 _bALH 1952 |
||
| 100 | 1 |
_aAltamira, Rafael, _d1866-1951. _95309 |
|
| 245 | 1 | 2 |
_aA history of Spain from the beginnings to the present day / _cby Rafael Altamira ; translated by Muna Lee. |
| 260 |
_aNew York ; _aLondon : _bVan Nostrand Co, _c1949 [reprinted 1952] |
||
| 300 |
_axxx, 748 p. : _bill.; _c24 cm. |
||
| 500 | _aTranslation of the 2d ed. of Manual de historia de EspaƱa. | ||
| 504 | _a"A selected bibliography on Spanish history": p. 647-656. | ||
| 651 | 0 |
_aSpain _xHistory. _92358 |
|
| 700 | 1 |
_aLee, Muna, _d1895-1965. _95310 |
|
| 942 |
_2ddc _cBK |
||
| 999 |
_c80558 _d80558 |
||